00485nam a2200169Ia 4500008004100000082001600041100001700057245002500074250000800099260002900107300001100136500002400147650001600171942000700187952010400194999001700298230524s9999 xx 000 0 und d a621.38bRED aS.Rama Reddy 0aSolid State Circuits a1ST aNEW DELHIbScitechc2000 aXI;153 aQuantity Number: 1 aElectronics cBK 00104070aTATCLbTATCLcGENd2023-05-24l0o621.38 REDp575r2023-05-24w2023-05-24yBKzCPEC5404 c23906d23906